| 000 | 00598nam a2200181Ia 4500 | ||
|---|---|---|---|
| 008 | 151202s9999||||xx |||||||||||||| ||und|| | ||
| 082 | _bPNVM-55149 | ||
| 100 | _aयादवाडकर प्रकाश. | ||
| 245 | _aआकाश भरारी. | ||
| 260 | _b"मनोरमा प्रकाशन,मुंबई." | ||
| 260 | _c1991 | ||
| 300 | _a271 | ||
| 600 | _aयादवाडकर प्रकाश. | ||
| 630 | _aआकाश भरारी. | ||
| 700 | _aयादवाडकर प्रकाश. | ||
| 730 | _aआकाश भरारी. | ||
| 942 | _cBOOK | ||
| 999 |
_c1321687 _d1321684 |
||